[Event "POL-ch U26"]
[Site "Poland"]
[Date "1998.??.??"]
[Round "?"]
[White "Kasperkiewicz, Pawel"]
[Black "Wiech, Grzegorz"]
[Result "0-1"]
[WhiteElo "2110"]
[BlackElo "2300"]
[PlyCount "68"]
[EventDate "1998.??.??"]
[EventType "swiss"]
[EventRounds "9"]
[EventCountry "POL"]
[SourceTitle "EXT 2002"]
[Source "ChessBase"]
[SourceDate "2001.11.25"]
[SourceVersion "1"]
[SourceVersionDate "2001.11.25"]
[SourceQuality "1"]

1. e4 c5 2. Nf3 d6 3. d4 cxd4 4. Nxd4 Nf6 5. Nc3 a6 6. f4 e6 7. Qf3 Qc7 8. Be3 b5 9. Bd3 Nbd7 10. 0-0 Bb7 11. Rae1 Be7 12. Kh1 Nc5 13. Bc1 Nfd7 14. Qg3 Bf6 15. Nf3 g6 16. Ng5 Bg7 17. f5 Ne5 18. f6 Bf8 19. Nb1 h6 20. Nh3 g5 21. Nf2 g4 22. Qh4 h5 23. Bg5 0-0-0 24. Nd2 Kb8 25. Rc1 Bh6 26. Bxh6 Rxh6 27. b4 Ncd7 28. c4 Qb6 29. c5 dxc5 30. bxc5 Nxc5 31. Qg5 Ncxd3 32. Qxh6 Nxf2+ 33. Rxf2 Qxf2 34. Qxh5 Nd3 0-1

[Event "Milanowek-ch"]
[Site "Milanowek"]
[Date "1998.??.??"]
[Round "?"]
[White "Wiech, Grzegorz"]
[Black "Adasiak, Leszek"]
[Result "1-0"]
[WhiteElo "2300"]
[BlackElo "2070"]
[PlyCount "37"]
[EventDate "1998.??.??"]
[EventType "swiss"]
[EventRounds "9"]
[EventCountry "POL"]
[SourceTitle "EXT 2003"]
[Source "ChessBase"]
[SourceDate "2002.11.25"]
[SourceVersion "1"]
[SourceVersionDate "2002.11.25"]
[SourceQuality "1"]

1. e4 g6 2. d4 Bg7 3. Nc3 c6 4. Nf3 d5 5. h3 Nh6 6. Bf4 dxe4 7. Nxe4 Nf5 8. c3 0-0 9. Bd3 a5 10. a4 Na6 11. Ng3 Nxg3 12. Bxg3 Qb6 13. Qe2 Be6 14. 0-0 c5 15. Be5 f6 16. dxc5 Nxc5 17. Bd4 Kf7 18. Rae1 Rac8 19. b4 1-0